| 000 | 00492nam a2200193Ia 4500 | ||
|---|---|---|---|
| 003 | GCL | ||
| 008 | 140319s9999 xx 000 0 eng d | ||
| 040 |
_aGCL / _cGCL |
||
| 082 | 0 | 4 |
_a745.5 _bH L |
| 100 | 1 | _aBARNARD, NICHOLAS | |
| 245 | 1 | 0 |
_aLIVING WITH KILIMS / _cBARNARD, NICHOLAS |
| 700 | 1 | _aHULL, ALSTAIR | |
| 700 | 1 | _aMERRELL, JAMES | |
| 260 |
_a[S.N] : _bTHAMES AND HUDSON ، _c1996 |
||
| 650 | 0 | 4 | _aHANDICRAFTS |
| 650 | 0 | 4 | _aDECORATIVE ARTS |
| 650 | 0 | 4 | _aKILIMS |
| 942 |
_2ddc _cBK |
||
| 999 |
_c13975 _d13975 |
||